What college did the NFL player play for? - Statistics

General Stats
  • This quiz has been taken 842 times
  • The average score is 29 of 36
Answer Stats
Player Answer % Correct
Odell Beckham Jr. LSU
95%
Patrick Peterson LSU
95%
Jarvis Landry LSU
95%
Tom Brady Michigan
95%
Julio Jones Alabama
94%
Deshaun Watson Clemson
94%
Deandre Hopkins Clemson
94%
Michael Thomas Ohio State
93%
Ezekiel Elliot Ohio State
93%
Patrick Mahomes Texas Tech
93%
Baker Mayfield Oklahoma
92%
Saquon Barkley Penn. State
92%
Cam Newton Auburn
91%
Aaron Rodgers California
91%
Jared Goff California
91%
Aaron Donald Pittsburgh
85%
Larry Fitzgerald Pittsburgh
85%
Todd Gurley Georgia
84%
A.J. Green Georgia
84%
J.J. Watt Wisconsin
83%
Melvin Gordon Wisconsin
83%
Andrew Luck Stanford
82%
Ben Rothlisberger Miami
80%
Travis Kelce Cincinnati
78%
Jalen Ramsey Florida State
78%
JuJu Smith-Schuster USC
76%
Luke Kuechly Boston College
72%
Matt Ryan Boston College
72%
Alvin Kamara Tennessee
71%
Carson Wentz North Dakota State
67%
Von Miller Texas A&M
67%
Antonio Brown Central Michigan
63%
Khalil Mack Buffalo
58%
Phillip Rivers NC State
58%
Julian Edelman Kent State
44%
T.Y. Hilton Florida International
29%
No matching quizzes found
Score Distribution
Percent of People with Each Score
Percentile by Number Answered
Your Score History
You have not taken this quiz